All Terraria Bosses - Statistics

General Stats
  • This quiz has been taken 97 times
  • The average score is 24 of 32
Answer Stats
Hint Answer % Correct
Pre-Hardmode Wall of Flesh
94%
Pre-Hardmode King Slime
93%
Pre-Hardmode Skeletron
93%
Pre-Hardmode Eye of Cthulhu
92%
Pre-Hardmode Brain of Cthulhu
89%
Lunar Event (PC / Console) Moon Lord
88%
Hardmode Skeletron Prime
88%
Pre-Hardmode Eater of Worlds
86%
Hardmode The Twins
86%
Hardmode Plantera
85%
Pre-Hardmode Queen Bee
85%
Hardmode Golem
83%
Hardmode The Destroyer
83%
Hardmode (PC / Console) Lunatic Cultist
79%
Pumpkin Moon Pumpking
76%
Pirate Invasion (PC) Flying Dutchman
74%
Lunar Event (PC / Console) Nebula PIllar
74%
Old One's Army (PC) Betsy
73%
Frost Moon Ice Queen
73%
Lunar Event (PC / Console) Solar Pillar
73%
Hardmode Duke Fishron
69%
Pumpkin Moon Mourning Wood
69%
Lunar Event (PC / Console) Vortex Pillar
69%
Martian Madness (PC / Console) Martian Saucer
68%
Lunar Event (PC / Console) Stardust Pillar
68%
Hardmode (Old-gen Console / Mobile / 3DS) Ocram
67%
Old One's Army (PC) Ogre
65%
Frost Moon Santa-NK1
63%
Old One's Army (PC) Dark Mage
58%
Frost Moon Everscream
57%
Pre-Hardmode (Mobile / 3DS) Lepus
45%
Pre-Hardmode (Mobile / 3DS) Turkor the Ungrateful
40%
No matching quizzes found
Score Distribution
Percent of People with Each Score
Percentile by Number Answered
Your Score History
You have not taken this quiz